000 00378nam a2200109 a 4500
008 120416s9999 xx |||||||||||||| || u
050 _aNA 9185 Tet
100 _aTetlow, John
245 1 0 _aHomes, towns, and traffic
350 _a0.00
995 _D0.00
_FCBU-MAIN LIBRARY (Kitwe)
_H1
_I0.00
_UDAMAGED
_ZMain Library Open Access Collection
999 _c45657
_d45657